Best Nations in Olympic Games' Javelin Throw - Statistics

General Stats
  • This quiz has been taken 84 times
  • The average score is 10 of 14
Answers on the Map
Answers color-coded by a green-red scale on the quiz's map according to % correct below.
 
Answer Stats
Javelin throw medalists Gold Silver Bronze Total % Correct
1 Finland 7 8 7 22
96%
4 Germany 3 1 1 5
96%
4 Norway 3 1 1 5
94%
8 United States 1 2 2 5
94%
2 Russia 3 2 4 9
92%
3 Sweden 3 1 2 6
90%
10 United Kingdom 0 3 1 4
88%
6 Czech Republic 3 1 0 4
78%
12 Poland 0 1 0 1
73%
11 Latvia 0 2 0 2
55%
7 Hungary 1 2 4 7
47%
12 Kenya 0 1 0 1
47%
14 Romania 0 0 1 1
43%
9 Trinidad and Tobago 1 0 1 2
36%
No matching quizzes found
Score Distribution
Percent of People with Each Score
Percentile by Number Answered
Your Score History
You have not taken this quiz